| 000 | 02942nam a2200373 a 4500 | ||
|---|---|---|---|
| 001 | ebr10675061 | ||
| 003 | CaPaEBR | ||
| 006 | m u | ||
| 007 | cr cn||||||||| | ||
| 008 | 090630s2009 nyua sb 001 0 eng d | ||
| 010 | _z 2009027058 | ||
| 020 | _z9781608760206 (hardcover) | ||
| 020 | _z9781617281839 (e-book) | ||
| 040 |
_aCaPaEBR _cCaPaEBR |
||
| 035 | _a(OCoLC)847729095 | ||
| 050 | 1 | 4 |
_aRJ365 _b.C45 2009eb |
| 082 | 0 | 4 |
_a618.92/0472 _222 |
| 245 | 0 | 0 |
_aChildren and pain _h[electronic resource] / _cPatricia Schofield and Joav Merrick, editors. |
| 260 |
_aNew York : _bNova Biomedical Books, _cc2009. |
||
| 300 |
_avi, 242 p. : _bill. (some col.). |
||
| 490 | 1 | _aHealth and human development series | |
| 504 | _aIncludes bibliographical references and index. | ||
| 505 | 0 | _aChildren and pain / Patricia Schofield and Joav Merrick -- Psychological and alternative approaches to pediatric pain / Jennie C.I. Tsao, Qian Lu, and Lonnie K. Zeltzer -- Treating chronic pain in children from a holistic point of view / Soren Ventegodt and Joav Merrick -- Acute musculoskeletal sports injury / Amit M. Deokar, Shawn J. Smith, and Hatim A. Omar -- Treatment during acute painful episodes in adolescents with sickle cell disease / Eufemia Jacob, Marilyn Hockenberry, and Brigitta U. Mueller -- Morphine for acute pain in children with sickle cell disease / Eufemia Jacob ... [et al.] -- Healthy children's experimental pain responses / Subhadra Evans ... [et al.] -- How does chronic pain affect the lives of children? / Marcia L. Meldrum, Jennie C.I. Tsao, and Lonnie K. Zeltzer -- The needs of adolescents with chronic pain / Paula Forgeron and Patrick J. McGrath -- Clinical trials in children and adolescents with pain and sickle cell disease / Melissa J. Frei-Jones and Michael R. DeBaun -- Sickle cell disease : guidelines for treatment of pain in hospitalized children / Melissa J. Frei-Jones and Michael R. DeBaun -- Children with intellectual disability and assessment of pain / Lynn M. Breau -- Pregnancy and analgetics : long term effect on child quality of life / Soren Ventegodt ... [et al.] -- Pregnancy and mental pain : long term effect of maternal psychopharmacological drugs during pregnancy on child quality of life / Soren Ventegodt, Efrat Merrick-Kenig, and Joav Merrick. | |
| 533 |
_aElectronic reproduction. _bPalo Alto, Calif. : _cebrary, _d2013. _nAvailable via World Wide Web. _nAccess may be limited to ebrary affiliated libraries. |
||
| 650 | 0 |
_aPain in children _xTreatment. |
|
| 650 | 0 |
_aSickle Cell Anemia _xTreatment. |
|
| 650 | 0 |
_aPain _xMeasurement. |
|
| 655 | 7 |
_aElectronic books. _2local |
|
| 700 | 1 |
_aSchofield, Pat _q(Patricia A.) |
|
| 700 | 1 |
_aMerrick, Joav, _d1950- |
|
| 710 | 2 | _aebrary, Inc. | |
| 830 | 0 | _aHealth and human development series. | |
| 856 | 4 | 0 |
_uhttp://site.ebrary.com/lib/rucke/Doc?id=10675061 _zAn electronic book accessible through the World Wide Web; click to view |
| 999 |
_c57392 _d57392 |
||